Evaluation of different symmetric key cryptographic algorithms and design a new data encryption algorithm (Record no. 180798)
[ view plain ]
| 000 -LEADER | |
|---|---|
| fixed length control field | 00711 a2200181 4500 |
| 003 - CONTROL NUMBER IDENTIFIER | |
| control field | Nust |
| 005 - DATE AND TIME OF LATEST TRANSACTION | |
| control field | 20170207153157.0 |
| 040 ## - CATALOGING SOURCE | |
| Transcribing agency | Nust |
| 082 ## - DEWEY DECIMAL CLASSIFICATION NUMBER | |
| Classification number | 005.8 |
| 100 ## - MAIN ENTRY--PERSONAL NAME | |
| Personal name | Shah, Syed Tahir Hussain (MSIS-2) |
| 245 ## - TITLE STATEMENT | |
| Title | Evaluation of different symmetric key cryptographic algorithms and design a new data encryption algorithm |
| Statement of responsibility, etc. | Syed Tahir Hussain Shah |
| 260 ## - PUBLICATION, DISTRIBUTION, ETC. | |
| Name of publisher, distributor, etc. | MCS (NUST) |
| Date of publication, distribution, etc. | February, 2006 |
| Place of publication, distribution, etc. | Rawalpindi |
| 300 ## - PHYSICAL DESCRIPTION | |
| Extent | vii,66, p. |
| 505 ## - FORMATTED CONTENTS NOTE | |
| Formatted contents note | Introduction (page-1) The early cryptographic algorithms (page-4) The recent cryptographic algorithms (page-32) The proposed data encryption algorithm (page-53) Conclusion (page-64) |
| 538 ## - SYSTEM DETAILS NOTE | |
| System details note | Almirah No. 70 Shelf No. 3 |
| 650 ## - SUBJECT ADDED ENTRY--TOPICAL TERM | |
| Topical term or geographic name entry element | PG Thesis |
| 651 ## - SUBJECT ADDED ENTRY--GEOGRAPHIC NAME | |
| Geographic name | MSIS-2 |
| 942 ## - ADDED ENTRY ELEMENTS (KOHA) | |
| Koha item type | |
| Withdrawn status | Lost status | Source of classification or shelving scheme | Damaged status | Not for loan | Collection code | Permanent Location | Current Location | Date acquired | Total Checkouts | Full call number | Barcode | Date last seen | Price effective from | Koha item type |
|---|---|---|---|---|---|---|---|---|---|---|---|---|---|---|
| Military College of Signals (MCS) | Military College of Signals (MCS) | 12/12/2016 | 005.8 TAH | MCSTIS-123 | 12/08/2016 | 12/12/2016 | Book | |||||||
| Military College of Signals (MCS) | Military College of Signals (MCS) | 12/12/2016 | 005.8 TAH | MCSTIS-9 | 12/08/2016 | 12/12/2016 | Book |
